000 00323nam a22001337a 4500
008 170609b xxu||||| |||| 00| 0 eng d
020 _a9780847696338
041 _aeng
080 _a94
100 _a17
101 _aSHH
245 _aTHE IDEA OF CAPITALISM BEFORE THE INDUSTRIAL REVOLUTION
_cGRASSBY,R
942 _2udc
_cBK
999 _c16624
_d16624